000 00875nas a2200253 4500
001 BR9208011
003 BR-BrBNA
005 20231205093052.0
007 ta
008 230509b bl.|||p| |||| 00| 00por d
040 _aBR-BrBNA
_bpor
_cBiblioteca Nacional de Agricultura
041 _a(Pt)
072 _aL60
100 1 _aMorgado, E.H.
100 1 _aAmaral, A.C.Z.
245 1 _aAnelideos poliquetos da regiao de Ubatuba, Sao Paulo. Padroes de distribuicao geografica
246 1 _a[Annelida polychaeta from the sublitoral of the Sao Paulo state coast (Ubatuba), southeast Brazil!
650 _aANIMAL INVERTEBRADO
650 _aDISTRIBUICAO GEOGRAFICA
650 _aSAO PAULO
773 0 _tRevista Brasileira de Zoologia (Brazil)
_xISSN 0101-8175
_g(Oct 1989), v. 6(3) p. 535-568
_wBR9208011
909 _a202311
_bLúcia
_c55
_dLúcia Elande
942 _2AGRIS
_n0
_cANA
999 _c136036
_d136036